ბათუმის შოთა რუსთაველის სახელმწიფო უნივერსიტეტის ბიბლიოთეკა

The Ordnance Survey Atlas of Great Britain (ბიბ.ჩანაწერი № 46698)

000 -LEADER
fixed length control field 00444nam a2200181Ia 4500
001 - CONTROL NUMBER
control field 13539
003 - CONTROL NUMBER IDENTIFIER
control field GE_BSU
008 - FIXED-LENGTH DATA ELEMENTS--GENERAL INFORMATION
fixed length control field 181216s||||||||xx |||||||||||||| ||und||
040 ## - CATALOGING SOURCE
Transcribing agency GE_BSU
080 ## - UNIVERSAL DECIMAL CLASSIFICATION NUMBER
Universal Decimal Classification number 355(084.4)
245 #4 - TITLE STATEMENT
Title The Ordnance Survey Atlas of Great Britain
260 ## - PUBLICATION, DISTRIBUTION, ETC.
Place of publication, distribution, etc. London
260 ## - PUBLICATION, DISTRIBUTION, ETC.
Name of publisher, distributor, etc. Book club Associates
260 ## - PUBLICATION, DISTRIBUTION, ETC.
Date of publication, distribution, etc. 1982
300 ## - PHYSICAL DESCRIPTION
Extent 223p.ill.30cm.
653 ## - INDEX TERM--UNCONTROLLED
Uncontrolled term The Ordnance Survey Atlas of Great Britain
942 ## - ADDED ENTRY ELEMENTS (KOHA)
Koha item type წიგნი
ეგზემპლარები
Withdrawn status Lost status Damaged status Not for loan Date acquired Barcode Date last seen Price effective from Koha item type
        2018-12-17 36994 2018-12-17 2018-12-17 წიგნი